Paroles Je t'accuse - Suzane - 2025 - Statistiques

Statistiques générales
  • Ce quiz a été pris 44 fois
  • Le résultat moyen est 209 sur 272
Statistiques - réponses
Réponse % Correct
a
97%
à
97%
je
97%
le
97%
les
97%
t'accuse
97%
eu
94%
ma
94%
te
94%
y
94%
au
91%
aussi
91%
ça
91%
ca
91%
D'abord
91%
de
91%
et
91%
moi
91%
puis
91%
dit
88%
faire
88%
fait
88%
la
88%
mais
88%
rien
88%
toi
88%
tout
88%
toutes
88%
alors
85%
celles
85%
dans
85%
jamais
85%
Marie
85%
n'ont
85%
que
85%
qui
85%
t'as
85%
un
85%
copine
82%
fermer
82%
Gisèle
82%
su
82%
vu
82%
divers
79%
qu'on
79%
sur
79%
tu
79%
yeux
79%
as
76%
doit
76%
est-ce
76%
j'assume
76%
justice
76%
pas
76%
Claire
73%
ne
73%
nom
73%
plus
73%
quand
73%
t'en
73%
ton
73%
car
70%
droite
70%
levée
70%
levee
70%
liste
70%
main
70%
qu'un
70%
sans
70%
sera
70%
tiroir
70%
des
67%
d'plus
67%
on
67%
Sophie
67%
suite
67%
vas
67%
classées
64%
classees
64%
pour
64%
probleme
64%
bien
61%
c'est
61%
nous-memes
61%
tonnes
61%
vie
61%
fais
58%
l'innocent
55%
ou
55%
systeme
52%
victimes
52%
sont
48%
t'es
48%
vies
48%
cinema
45%
salles
45%
tous
45%
monstres
42%
violence
42%
Isa
39%
surement
39%
peines
36%
silence
36%
t'etais
36%
entendues
33%
pourquoi
33%
prennent
33%
qu'en
33%
lourde
30%
faudrait
24%
gosses
24%
Khadija
24%
n'croit
24%
n'proteges
24%
qu't'existes
24%
t'harcele
24%
condamnées
21%
demande
21%
prevenu
18%
qu'avaient
15%
Aucun quiz correspondant
Distribution des résultats
% des personnes avec chaque résultat
Percentile par nombre de réponses
Votre historique - résultats
Vous n’avez pas pris ce quiz